00865nam a2200241 i 4500001000700000003000900007005001700016007000300033008004100036020001800077080002400095080002500119100003200144245003500176260008900211300004100300490006000341504003000401600002200431710007500453830005700528852003800585175428ES-MaACL20251218174608.0t|101027s1977 sp o r ||||1| spa d a84-369-0129-0 a75 Carrera, María a929 Carrera, María1 aAreán, Carlos,d1921-199610aM. Carrera / cCarlos Areán. a[Madrid] : bDirección General del Patrimonio Artístico y Cultural,cD. L. 1977. a107 p. : bfot. col. y n. ; c17 cm.1 aArtistas españoles contemporáneos. Pintores ; v131 aBibliografía: p. 77-80.14aCarrera, María.0 aEspaña. bDirección General del Patrimonio Artístico y Cultural.0 aArtistas españoles contemporáneos. Pintoresv131 aES-MaACLj2261-F-84 xOlim P-1916